| 000 | 01675nam a2200241Ia 4500 | ||
|---|---|---|---|
| 003 | Ost | ||
| 005 | 20260507074902.0 | ||
| 008 | 260507s9999||||xx |||||||||||||| ||und|| | ||
| 020 | _a9957116770 | ||
| 040 | _cfsecg | ||
| 041 | _aara | ||
| 082 | _a350 | ||
| 100 |
_aالغالبي، طاهر محسن منصور _eمؤلف |
||
| 245 | 0 |
_aالإدارة الإستراتيجية : _bمنظور منهجي متكامل / _c طاهر محسن منصور الغالبي |
|
| 260 |
_aعمان: _bدار وائل للنشر والتوزيع, _c2007 |
||
| 300 |
_a606 صفحة؛ _bإيضاحات ؛ _c24 سم |
||
| 520 | _aيضم أسس ومبادئ الإدارة الإستراتيجية، مقدمة في الإدارة الإستراتيجية، تحديد الإستراتيجي وتقييم وتحليل الموقف البيئي، الصياغة والبدائل الإستراتيجية، التنفيذ والرقابة الإستراتيجية، قضايا معاصرة في الإدارة الإستراتيجية، مقدمة في تحليل الحالات الدراسية، أسس ومبادئ الإدارة الإستراتيجية، التخطيط الإستراتيجي والقرارات الإستراتيجية، الصياغة والبدائل الإستراتيجية، التنف والرقابة الإستراتيجية، قضايا معاصرة في الإدارة الإستراتيجية، مقدمة في تحليل الحالات الدراسية | ||
| 653 | _aإدارة الأعمال | ||
| 653 | _aالإدارة | ||
| 653 | _aالرقابة | ||
| 700 |
_aإدريس، وائل محمد صبحي _eمؤلف ثانوي |
||
| 942 | _cكتاب | ||
| 999 |
_c41666 _d41666 |
||